| 000 | 01093cab a22001935a 4500 | ||
|---|---|---|---|
| 001 | L143497 | ||
| 008 | 080514s2008 xxkd f 000 0 eng d | ||
| 035 | _a(Sirsi) u143497 | ||
| 041 | 0 | _aeng | |
| 245 | 0 | 0 | _aGuard your assets |
| 260 | _c2008 | ||
| 490 | 0 |
_aBuilding Services Journal _v30(5) May 2008, 44-50(7) |
|
| 520 | _aHay's latest building services salary guide reveals 20% of bosses reported significant salary increases over the past 12 months, with managing directors across the UK achieving an average salary increase of over 7%. Senior electrical engineers achieved the highest rise in this year?s survey, an increase of nearly 9%. A key problem for employers is recruiting and retaining good staff. Provides salary tables for electrical engineers, consulting management, consulting engineers (CAD, general and other roles), estimators, and contractors - management. The tables are broken down by UK region and level of job. | ||
| 590 | _aKA | ||
| 650 | 2 | 4 | _aHAYS BUILDING SERVICES SALARY GUIDE |
| 651 | 4 |
_aUnited Kingdom _y |
|
| 690 |
_aBlock management _96220 |
||
| 942 | _n0 | ||
| 999 |
_c80208 _d80208 |
||